Fr. Conceicao Rodrigues College of Engineering

Fundamentals of finite element analysis (Record no. 30634)

MARC details
000 -LEADER
fixed length control field 00408nam a2200169Ia 4500
082 ## - DEWEY DECIMAL CLASSIFICATION NUMBER
Classification number 620.0015/HUT
Item number HUT
100 ## - MAIN ENTRY--PERSONAL NAME
Personal name Hutton/David V
245 ## - TITLE STATEMENT
Title Fundamentals of finite element analysis
260 ## - PUBLICATION, DISTRIBUTION, ETC.
Name of publisher, distributor, etc. Tata Mc Graw hill
Place of publication, distribution, etc. New Delhi
Date of publication, distribution, etc. 2004
366 ## - TRADE AVAILABILITY INFORMATION
Publishers's discount category 15
300 ## - PHYSICAL DESCRIPTION
Extent 494
546 ## - LANGUAGE NOTE
Language note ENGLISH
650 ## - SUBJECT ADDED ENTRY--TOPICAL TERM
Topical term or geographic name entry element Finite Element Analysis
654 ## - SUBJECT ADDED ENTRY--FACETED TOPICAL TERMS
Focus term finite element analysis
942 ## - ADDED ENTRY ELEMENTS (KOHA)
Koha item type BOOK
Holdings
Withdrawn status Lost status Damaged status Not for loan Collection Home library Current library Date acquired Source of acquisition Cost, normal purchase price Inventory number Total Checkouts Full call number Barcode Date last seen Cost, replacement price Price effective from Koha item type
        CRC Fr. Agnel's C.Rodrigues College of Engineering Fr. Agnel's C.Rodrigues College of Engineering 17/03/2023 Unique Book Distributors 300.00 5423 dt 26/12/2007   620.0015/HUT HUT 18131 17/03/2023 315.00   BOOK
        CRC Fr. Agnel's C.Rodrigues College of Engineering Fr. Agnel's C.Rodrigues College of Engineering 17/03/2023 Unique Book Distributors 300.00 5423 dt 26/12/2007   620.0015/HUT HUT 18132 17/03/2023 315.00   BOOK